Movies Quiz

Random Movies or Clickable Quiz
Score 0/34 Timer 08:00
0 Plays Today
% Correct
Singin'
95.1%
The Man
93.8%
The Cabin
92.3%
The Cat
91.9%
A Shot
90.8%
The Boy
90.2%
The Sword
90%
Babe: Pig
87.7%
Sister Act 2: Back
84.6%
The Wind
84%
Up
81.3%
Angels
79.6%
The Indian
79.1%
Gorillas
78.6%
The Man
78.2%
A Face
76.2%
The Man
70.7%
% Correct
Love
70.6%
Salmon Fishing
69.6%
Alone
69.4%
Midnight
67.7%
Barefoot
64.9%
A Place
60.9%
Down
57.3%
Aliens
56.3%
Things We Lost
56.1%
Love
54.2%
Dancer
54.2%
The Watcher
49.6%
Murder
48.4%
Ghost
48.3%
Places
46.6%
Splendor
46.4%
The Door
44.4%
Remove Ads.
Support Sporcle.
Get the best of Sporcle when you Go Orange. This ad-free experience offers more features, more stats, and more fun while also helping to support Sporcle. Thank you for becoming a member.

You're not logged in!

Compare scores with friends on all Sporcle quizzes.
OR
Log In

Show Comments

Extras

Top Quizzes Today


Score Distribution

Your Account Isn't Verified!

In order to create a playlist on Sporcle, you need to verify the email address you used during registration. Go to your Sporcle Settings to finish the process.

Report this User

Report this user for behavior that violates our Community Guidelines.

Details: